Letiskový hangár
Gespeichert in:
| 1. Verfasser: | |
|---|---|
| Weitere Verfasser: | |
| Format: | Manuskript Buch |
| Sprache: | Slowakisch |
| Veröffentlicht: |
2025
|
| Schlagworte: | |
| Online-Zugang: | http://is.stuba.sk/zp/portal_zp.pl?podrobnosti=181787 CRZP |
| Tags: |
Keine Tags, Fügen Sie das erste Tag hinzu!
|
MARC
| LEADER | 00000ntm a22000003a 4500 | ||
|---|---|---|---|
| 001 | stuzp104966 | ||
| 003 | SK-STU | ||
| 005 | 20250729144613.1 | ||
| 007 | ta | ||
| 008 | 150427s2015----xo-----f-mn---000-0-slo-d | ||
| 040 | |a STU |b slo | ||
| 041 | 0 | |a slo | |
| 100 | 1 | |a Pálkovács, Alexander |u 010190 |4 aut |U SvF Stavebná fakulta |T SvF Katedra kovových a drevených konštrukcií |X 103844 |U V190 |Y 21 |7 103844 | |
| 242 | 0 | 1 | |a Airport hangar |y eng |
| 245 | 1 | 0 | |a Letiskový hangár |
| 260 | |c 2025 | ||
| 650 | 4 | |a steel arch |2 eng | |
| 650 | 4 | |a steel cables |2 eng | |
| 650 | 4 | |a tension rods |2 eng | |
| 650 | 4 | |a steel structure |2 eng | |
| 650 | 4 | |a initial geometric imperfections |2 eng | |
| 650 | 4 | |a cable-stayed roof structure |2 eng | |
| 650 | 4 | |a oceľové laná |2 slo | |
| 650 | 4 | |a ťahové tyče |2 slo | |
| 650 | 4 | |a oceľový oblúk |2 slo | |
| 650 | 4 | |a počiatočné geometrické imperfekcie |2 slo | |
| 650 | 4 | |a zavesená strešná konštrukcia |2 slo | |
| 650 | 4 | |a oceľová konštrukcia |2 slo | |
| 700 | 1 | |a Slivanský, Miloš |u 010190 |k Z8 |4 ths |U SvF Stavebná fakulta |T SvF Katedra kovových a drevených konštrukcií |X 3702 |U V190 |Y 21 |7 A000003702 | |
| 856 | 4 | |u http://is.stuba.sk/zp/portal_zp.pl?podrobnosti=181787 | |
| 856 | 4 | |u https://opac.crzp.sk/?fn=detailBiblioForm&sid=C9A1C75A261DD259FE884C1E26A3 |z CRZP | |